000 00418nam a2200181Ia 4500
003 OSt
005 20240321095000.0
008 210210b1919 xxu||||| |||| 00| 0 eng d
040 _cAL
041 _aeng
082 _a825/846
100 _aTHOMPSON (Francis)
_9155857
245 _aShelley
260 _aLondon
_bBurns & oates,
_c1914
690 _aEnglish Criticism
_9155859
906 _a015161
942 _2ddc
_cBK
999 _c134479
_d134479